Hope for the flowers / (Record no. 114857)
[ view plain ]
| 000 -LEADER | |
|---|---|
| fixed length control field | 00329nam a2200121 a 4500 |
| 005 - DATE AND TIME OF LATEST TRANSACTION | |
| control field | 20140414132114.0 |
| 008 - FIXED-LENGTH DATA ELEMENTS--GENERAL INFORMATION | |
| fixed length control field | 110826s19uu xx 00 eng d |
| 020 ## - INTERNATIONAL STANDARD BOOK NUMBER | |
| International Standard Book Number | 0809101742 |
| 050 ## - LIBRARY OF CONGRESS CALL NUMBER | |
| Classification number | M 813'54 |
| Item number | P28 1972 |
| 100 ## - MAIN ENTRY--PERSONAL NAME | |
| Personal name | Paulus, Trina |
| 245 ## - TITLE STATEMENT | |
| Title | Hope for the flowers / |
| Statement of responsibility, etc | words and pictures by Trina Paulus. |
| Withdrawn status | Lost status | Damaged status | Home library | Current library | Shelving location | Date acquired | Total Checkouts | Full call number | Barcode | Date last seen | Price effective from | Koha item type |
|---|---|---|---|---|---|---|---|---|---|---|---|---|
| Munich Library | Munich Library | Main Section | 08/26/2011 | M 813'54 P28 1972 | M6767 | 04/14/2014 | 04/14/2014 | Books |